| 000 | 00893nam a22002417a 4500 | ||
|---|---|---|---|
| 999 |
_c15447 _d15447 |
||
| 003 | AR-CdUCM | ||
| 008 | 190427b ||||| |||| 00| 0 spa d | ||
| 040 |
_aMUNICIPALIDAD PROVINCIAL DEL CUSCO _cBIBLIOTECA MUNICIPAL DEL CUSCO |
||
| 082 |
_a985.019 / _bM26 / 1920 |
||
| 100 |
_aMarkham, Clements R., _934518 |
||
| 245 | _aLos incas del Perú / | ||
| 260 |
_aLima : _bSanmarti y Cia, _c1920. |
||
| 300 |
_axxix, 293 paginas ; _bIlustraciones , _c21 cm. |
||
| 505 | _aContenido : Los historiadores -- La era megalítica -- La lista de reyes -- El mito de Paccari-tampu -- Encubrimiento de los incas -- El niño robado... | ||
| 650 |
_aLos incas _92622 |
||
| 650 |
_aCusco _9772 |
||
| 650 |
_aTahuantinsuyo _99815 |
||
| 650 |
_aLos suyos _934519 |
||
| 700 |
_aClements Robert _934520 |
||
| 700 |
_aBeltroy, Manuel (Traducción) _934521 |
||
| 942 |
_2ddc _cLIBROS |
||
| 945 |
_awnts _d2019-04-27 |
||